Harry Potter general knowledge - Statistics

General Stats
  • This quiz has been taken 373 times
  • The average score is 25 of 50
Answer Stats
Hint Answer % Correct
Main characters Harry Potter
100%
Ron
100%
Ginny
95%
George
94%
Fred
93%
Arthur
91%
Bill
90%
Charlie
90%
Weasley's familly Molly
90%
Percy
90%
Hermione Granger
88%
School of witchcraft and wizardy Hogwarts
84%
Ron Weasley
84%
James Potter
83%
Ravenclaw
68%
Slytherin
68%
Hufflepuff
67%
Lily Evans
64%
Harry's familly Harry Potter
60%
Beauxbatons
53%
Books Philosopher's Stone
52%
Wormtail
51%
Moony
50%
Padfoot
50%
Severus Snape
44%
Goblet of Fire
43%
Draco Malfoy
42%
Avada Kedavra
41%
Minerva McGonagall
41%
Half-blood Prince
37%
Enemies Lord Voldemort
34%
Cruciatus
33%
Unforgetable spells Imperius
33%
Filius Flitwick
32%
Hogwarts Houses Gryfindor
32%
Pomona Sprout
26%
Teachers in Hoghwarts Remus Lupin
26%
Rubeus Hagrid
25%
Bellatrix Lestrange
20%
Gilderoy Lockhart
19%
Lucius Malfoy
16%
Alastor Moody
14%
Rolanda Hooch
13%
The Deathly Hallows
13%
The Order of the Phoenix
11%
Drumstrang
8%
Marauders Prongs
0%
Sibil Trelawney
0%
The Chamber of Secrects
0%
The Pirsoner of Azkaban
0%
No matching quizzes found
Score Distribution
Percent of People with Each Score
Percentile by Number Answered
Your Score History
You have not taken this quiz